[Event "TUR-chT Clubs"]
[Site "Konya"]
[Date "2019.07.17"]
[Round "3.11"]
[White "Peker, Serdar"]
[Black "Yigiter, Fatih"]
[Result "0-1"]
[WhiteElo "1797"]
[BlackElo "1585"]
[PlyCount "100"]
[EventDate "2019.07.16"]
[EventType "team-swiss"]
[EventRounds "9"]
[EventCountry "TUR"]
[SourceTitle "CBM 191 Extra"]
[Source "ChessBase"]
[SourceDate "2019.09.30"]
[SourceVersion "1"]
[SourceVersionDate "2019.09.30"]
[SourceQuality "1"]
[WhiteTeam "Trabzon Feda"]
[BlackTeam "Edeler Gorme Engelliler"]
[WhiteTeamCountry "TUR"]
[BlackTeamCountry "TUR"]

1. c4 Nf6 2. Nc3 e6 3. g3 d5 4. cxd5 exd5 5. d4 Be7 6. Bg2 c6 7. Nf3 0-0 8. Ne5 Bf5 9. 0-0 Nbd7 10. f4 Re8 11. h3 Ne4 12. g4 Nxe5 13. fxe5 Nxc3 14. bxc3 Bg6 15. Qb3 b6 16. Bf4 h5 17. a4 hxg4 18. hxg4 Bg5 19. c4 dxc4 20. Qxc4 Rc8 21. e3 Bxf4 22. exf4 Qh4 23. f5 Bh7 24. Rf4 c5 25. d5 Rxe5 26. Re4 Qf6 27. Rae1 Rxe4 28. Qxe4 g6 29. Rd1 gxf5 30. Qf4 Rd8 31. d6 Qh4 32. Rd3 fxg4 33. Rh3 Qe1+ 34. Kh2 gxh3 35. Qg5+ Kf8 36. Qxd8+ Qe8 37. Qf6 Qe6 38. Qd8+ Kg7 39. Qe7 Qf6 40. Bxh3 c4 41. Qc7 Qe5+ 42. Kg1 Qg3+ 43. Bg2 Be4 44. Kf1 Bxg2+ 45. Ke2 Qf3+ 46. Kd2 Qd3+ 47. Ke1 Qe3+ 48. Kd1 Bf3+ 49. Kc2 Be4+ 50. Kb2 Qb3+ 0-1

[Event "TUR Cup"]
[Site "Antalya"]
[Date "2019.02.03"]
[Round "11"]
[White "Kocyigit, Buse Naz"]
[Black "Peker, Serdar"]
[Result "1/2-1/2"]
[WhiteElo "2043"]
[BlackElo "1830"]
[PlyCount "113"]
[EventDate "2019.01.27"]
[EventType "swiss"]
[EventRounds "11"]
[EventCountry "TUR"]
[SourceTitle "CBM 188 Extra"]
[Source "ChessBase"]
[SourceDate "2019.02.26"]
[SourceVersion "1"]
[SourceVersionDate "2019.02.26"]
[SourceQuality "1"]

1. d4 d5 2. Nf3 e6 3. c4 Nf6 4. g3 Be7 5. Bg2 Nbd7 6. 0-0 0-0 7. Nbd2 c6 8. Qc2 b6 9. e4 dxe4 10. Nxe4 Nxe4 11. Qxe4 Bb7 12. Be3 Nf6 13. Qc2 c5 14. dxc5 Bxc5 15. Bxc5 bxc5 16. Rad1 Qc7 17. Ne1 Bxg2 18. Nxg2 Rfd8 19. Nf4 Ng4 20. Qe4 Ne5 21. Rfe1 Nc6 22. Nxe6 fxe6 23. Qxe6+ Kf8 24. Qf5+ Kg8 25. Qe6+ Kf8 26. Qf5+ Kg8 27. Rxd8+ Rxd8 28. Qxc5 Qd7 29. Qd5+ Qxd5 30. cxd5 Rxd5 31. Rc1 Ne5 32. f4 Nd3 33. Rc8+ Kf7 34. Rc7+ Kf6 35. Rxa7 Nxb2 36. Kg2 Rd2+ 37. Kh3 Nd3 38. a4 h5 39. Ra6+ Kf5 40. Ra5+ Kg6 41. Ra6+ Kh7 42. Ra5 g6 43. Kh4 Kh6 44. h3 Ne1 45. g4 Ng2+ 46. Kg3 h4+ 47. Kf3 Ne1+ 48. Ke3 Rh2 49. f5 g5 50. Ke4 Rxh3 51. Ra6+ Kh7 52. Ke5 Re3+ 53. Kf6 Nf3 54. Ra7+ Kh6 55. Ra8 Kh7 56. Ra7+ Kh6 57. Ra8 1/2-1/2

[Event "TUR-chT2"]
[Site "Konya"]
[Date "2018.07.12"]
[Round "5.2"]
[White "Peker, Serdar"]
[Black "Kilic, Ihsan"]
[Result "0-1"]
[WhiteElo "1812"]
[BlackElo "1959"]
[PlyCount "72"]
[EventDate "2018.07.10"]
[EventType "team-swiss"]
[EventRounds "9"]
[EventCountry "TUR"]
[SourceTitle "EXT 2019"]
[Source "ChessBase"]
[SourceDate "2018.10.10"]
[SourceVersion "1"]
[SourceVersionDate "2018.10.10"]
[SourceQuality "1"]
[WhiteTeam "Trabzon Feda"]
[BlackTeam "Ceylanpinar Belediyesi"]
[WhiteTeamCountry "TUR"]
[BlackTeamCountry "TUR"]

1. e4 e5 2. Nf3 Nf6 3. Nxe5 d6 4. Nf3 Nxe4 5. Nc3 Nf6 6. d4 Be7 7. Bd3 0-0 8. 0-0 Bg4 9. h3 Bh5 10. Ne4 Nbd7 11. Ng3 Bg6 12. Nf5 Re8 13. Nxe7+ Qxe7 14. Bg5 Bxd3 15. Qxd3 Qe4 16. Qb3 h6 17. Rfe1 Qc6 18. Bh4 a6 19. Rad1 b5 20. Qd3 a5 21. c3 Qd5 22. Bxf6 Nxf6 23. b3 c6 24. Nh4 Qh5 25. Nf5 Nd5 26. Nxd6 Nf4 27. Qc2 Qg5 28. g3 Nxh3+ 29. Kh2 Qh5 30. Rxe8+ Rxe8 31. Nxe8 Nxf2+ 32. Kg2 Nxd1 33. Qd2 Qd5+ 34. Kh2 Qf3 35. Qe1 Ne3 36. Qh1 Ng4+ 0-1

[Event "TUR-chT2"]
[Site "Konya"]
[Date "2018.07.11"]
[Round "3.8"]
[White "Ipekci, Baris"]
[Black "Peker, Serdar"]
[Result "0-1"]
[WhiteElo "1742"]
[BlackElo "1812"]
[PlyCount "82"]
[EventDate "2018.07.10"]
[EventType "team-swiss"]
[EventRounds "9"]
[EventCountry "TUR"]
[SourceTitle "EXT 2019"]
[Source "ChessBase"]
[SourceDate "2018.10.10"]
[SourceVersion "1"]
[SourceVersionDate "2018.10.10"]
[SourceQuality "1"]
[WhiteTeam "Istanbul Kartal Belediye"]
[BlackTeam "Trabzon Feda"]
[WhiteTeamCountry "TUR"]
[BlackTeamCountry "TUR"]

1. e4 c5 2. Nf3 d6 3. d4 cxd4 4. Nxd4 Nf6 5. Nc3 g6 6. Bg5 Bg7 7. Qd2 h6 8. Bh4 Nc6 9. Nb3 a5 10. a4 Be6 11. Bb5 0-0 12. Bxf6 exf6 13. 0-0 f5 14. exf5 Bxf5 15. Bd3 Be6 16. Rfd1 d5 17. Rab1 Nb4 18. Nc5 Bg4 19. Be2 Bf5 20. Bd3 Nxd3 21. Nxd3 Rc8 22. Nb5 b6 23. Rbc1 Qh4 24. Nd6 Qxa4 25. Nxc8 Rxc8 26. b3 Qa2 27. Nf4 d4 28. Nd5 Rxc2 29. Rxc2 Bxc2 30. Rc1 Bxb3 31. Qxa2 Bxa2 32. Nxb6 Bb3 33. Ra1 d3 34. Rxa5 d2 35. Ra8+ Kh7 36. Rd8 d1Q+ 37. Rxd1 Bxd1 38. Nd5 Bb3 39. Nf4 Bc4 40. h4 Be5 41. Nh3 Be6 0-1

[Event "Ordu op 4th"]
[Site "Ordu"]
[Date "2018.04.10"]
[Round "2"]
[White "Sahin, Doga Boran"]
[Black "Peker, Serdar"]
[Result "1/2-1/2"]
[WhiteElo "2005"]
[BlackElo "1821"]
[PlyCount "79"]
[EventDate "2018.04.10"]
[EventType "swiss"]
[EventRounds "9"]
[EventCountry "TUR"]
[SourceTitle "CBM 183 Extra"]
[Source "ChessBase"]
[SourceDate "2018.04.19"]
[SourceVersion "1"]
[SourceVersionDate "2018.04.19"]
[SourceQuality "1"]

1. e4 c5 2. Nf3 d6 3. d4 cxd4 4. Nxd4 Nf6 5. Nc3 Nc6 6. Bg5 e6 7. Qd2 Be7 8. 0-0-0 a6 9. f4 Qc7 10. Bxf6 gxf6 11. Be2 Nxd4 12. Qxd4 Qc5 13. Qxc5 dxc5 14. Na4 b5 15. Nb6 Rb8 16. Nxc8 Rxc8 17. c4 b4 18. Rd3 0-0 19. Rd7 Bd8 20. Bh5 Bc7 21. g3 a5 22. Rhd1 a4 23. Re7 b3 24. axb3 axb3 25. Rd3 Ba5 26. Ra7 Rcd8 27. Rxb3 Bb4 28. e5 f5 29. Be2 Rd4 30. Rd3 Rxd3 31. Bxd3 Be1 32. Kc2 Bf2 33. Be2 Bg1 34. Ra1 Bd4 35. Rd1 Rb8 36. Rb1 Kf8 37. Bf3 Ke7 38. b3 Rb6 39. Kd3 Ra6 40. Be2 1/2-1/2

[Event "TUR-chT2"]
[Site "Konya"]
[Date "2017.07.12"]
[Round "5.3"]
[White "Peker, Serdar"]
[Black "Guven, Oguz Kagan"]
[Result "1-0"]
[WhiteElo "1775"]
[BlackElo "1817"]
[PlyCount "119"]
[EventDate "2017.07.09"]
[EventType "team-swiss"]
[EventRounds "9"]
[EventCountry "TUR"]
[SourceTitle "CBM 179 Extra"]
[Source "ChessBase"]
[SourceDate "2017.08.23"]
[SourceVersion "1"]
[SourceVersionDate "2017.08.23"]
[SourceQuality "1"]
[WhiteTeam "Trabzon Feda"]
[BlackTeam "Karaman Yunus Emre"]
[WhiteTeamCountry "TUR"]
[BlackTeamCountry "TUR"]

1. e4 c6 2. Nf3 g6 3. Nc3 Bg7 4. d4 d6 5. h3 Nf6 6. Bd3 0-0 7. 0-0 Qc7 8. a4 e5 9. dxe5 dxe5 10. Qe2 Nbd7 11. Rd1 Nh5 12. Bc4 Nf4 13. Bxf4 exf4 14. a5 Ne5 15. Nxe5 Bxe5 16. Qd3 Re8 17. Bb3 Be6 18. Bxe6 Rxe6 19. Qd7 Re7 20. Qxc7 Bxc7 21. f3 Rd8 22. Rxd8+ Bxd8 23. Kf1 Kg7 24. Ke2 Rd7 25. a6 b5 26. Rd1 Rxd1 27. Nxd1 Bb6 28. Kd3 Kf6 29. Nc3 Ke5 30. Ne2 g5 31. b4 h5 32. c4 bxc4+ 33. Kxc4 Be3 34. b5 cxb5+ 35. Kxb5 g4 36. hxg4 hxg4 37. Kc4 gxf3 38. gxf3 f5 39. exf5 Kxf5 40. Kd5 Bd2 41. Nd4+ Kf6 42. Kd6 Be3 43. Nb5 Kf5 44. Kd5 Kf6 45. Ke4 Ke6 46. Nd4+ Kd6 47. Nf5+ Ke6 48. Nxe3 fxe3 49. Kxe3 Ke5 50. f4+ Kf5 51. Kf3 Kf6 52. Ke4 Ke6 53. f5+ Kf6 54. Kf4 Kf7 55. Ke5 Ke7 56. f6+ Kf7 57. Kf5 Kf8 58. Ke6 Ke8 59. Kd6 Kf7 60. Kc7 1-0

[Event "TUR-chT2"]
[Site "Konya"]
[Date "2017.07.11"]
[Round "4.5"]
[White "Bilgin, Murat Evrensel"]
[Black "Peker, Serdar"]
[Result "0-1"]
[WhiteElo "1964"]
[BlackElo "1775"]
[PlyCount "214"]
[EventDate "2017.07.09"]
[EventType "team-swiss"]
[EventRounds "9"]
[EventCountry "TUR"]
[SourceTitle "CBM 179 Extra"]
[Source "ChessBase"]
[SourceDate "2017.08.23"]
[SourceVersion "1"]
[SourceVersionDate "2017.08.23"]
[SourceQuality "1"]
[WhiteTeam "Buyuk Ustalar"]
[BlackTeam "Trabzon Feda"]
[WhiteTeamCountry "TUR"]
[BlackTeamCountry "TUR"]

1. c4 c5 2. Nf3 Nf6 3. g3 Nc6 4. d4 cxd4 5. Nxd4 g6 6. Nc3 Bg7 7. Bg2 Nxd4 8. Qxd4 0-0 9. 0-0 d6 10. Rd1 a6 11. Qh4 Qc7 12. Bg5 Be6 13. Rac1 Rfe8 14. Nd5 Bxd5 15. cxd5 Qb6 16. Rc2 Rec8 17. Rdc1 Rxc2 18. Rxc2 Qa5 19. b4 Qa4 20. Qc4 h6 21. Be3 Ne8 22. Bb6 Qd7 23. e4 h5 24. h4 Bf6 25. Kh2 Qa4 26. Bh3 Kf8 27. f4 Bg7 28. Re2 a5 29. a3 axb4 30. axb4 Qa1 31. Rc2 Kg8 32. Qf1 Qa4 33. Qb1 Qb5 34. Bg1 Ra1 35. Qb3 Nf6 36. Qc4 Qa4 37. b5 Qa3 38. Qe2 Qb4 39. Bf2 Qb1 40. Bg2 Ng4+ 41. Kh3 Nxf2+ 42. Qxf2 Qxb5 43. Qe3 Qb4 44. Re2 Bd4 45. Qf3 Ra3 46. Qf1 Qc3 47. Qe1 Qxe1 48. Rxe1 Bf2 49. Rb1 b6 50. Bf1 Bxg3 51. f5 Bf2+ 52. Kg2 Bxh4 53. fxg6 fxg6 54. Rxb6 Bf6 55. Be2 Kg7 56. Rb1 Ra2 57. Kf3 g5 58. Bb5 Ra3+ 59. Kg2 Re3 60. Rb4 g4 61. Bd7 Be5 62. Rb8 Rxe4 63. Be6 Re2+ 64. Kf1 Rb2 65. Rg8+ Kh6 66. Bf5 Bg7 67. Re8 g3 68. Be4 Bf6 69. Rg8 h4 70. Rg6+ Kh5 71. Rg8 Ra2 72. Bg6+ Kh6 73. Be4 Rf2+ 74. Kg1 Rf4 75. Bd3 Rd4 76. Bf1 Rxd5 77. Kg2 Rd2+ 78. Kh3 Kh5 79. Bg2 Rf2 80. Ra8 Kg5 81. Ra5+ Rf5 82. Ra4 Rf4 83. Ra5+ e5 84. Ra8 e4 85. Ra5+ Be5 86. Ra3 Bd4 87. Ra5+ Bc5 88. Ra8 e3 89. Rg8+ Kf6 90. Rf8+ Ke5 91. Ra8 Kd4 92. Ra4+ Ke5 93. Ra8 Ke6 94. Bb7 d5 95. Re8+ Kd6 96. Rd8+ Kc7 97. Rxd5 Kxb7 98. Rxc5 Re4 99. Rc1 e2 100. Re1 Kc6 101. Kg2 Kd5 102. Kf3 Kd4 103. Rxe2 Rxe2 104. Kxe2 Ke4 105. Kf1 Kf3 106. Kg1 g2 107. Kh2 Kf2 0-1

[Event "Manavgat Turkey Cup"]
[Site "Manavgat"]
[Date "2016.02.05"]
[Round "10"]
[White "Aysoy, Veysi"]
[Black "Peker, Serdar"]
[Result "0-1"]
[WhiteElo "1898"]
[BlackElo "1751"]
[PlyCount "140"]
[EventDate "2016.01.30"]
[EventType "swiss"]
[EventRounds "11"]
[EventCountry "TUR"]
[SourceTitle "CBM 170 Extra"]
[Source "ChessBase"]
[SourceDate "2016.02.25"]
[SourceVersion "1"]
[SourceVersionDate "2016.02.25"]
[SourceQuality "1"]

1. e4 c5 2. Nf3 d6 3. d4 cxd4 4. Nxd4 Nf6 5. Nc3 Nc6 6. Bg5 e6 7. Bc4 Be7 8. 0-0 0-0 9. Qd2 a6 10. Nxc6 bxc6 11. Bb3 Qc7 12. h3 d5 13. Rfe1 Rd8 14. e5 Ne8 15. Na4 c5 16. c3 Bxg5 17. Qxg5 Bd7 18. Bc2 Rab8 19. Rab1 Bxa4 20. Bxa4 Qa5 21. Bxe8 Rxe8 22. a3 c4 23. h4 Rb7 24. Re2 Reb8 25. h5 h6 26. Qg4 Rb3 27. f4 Qb6+ 28. Kh2 Rxc3 29. Rf1 Re3 30. Ref2 Qd4 31. Qh4 Rxe5 32. g4 Re4 33. g5 hxg5 34. Qxg5 Qf6 35. Rg1 Qxg5 36. Rxg5 Kh7 37. Rfg2 Rg8 38. f5 f6 39. Rg6 exf5 40. Kh3 Rg4 41. Rd2 Rd8 42. Rxg4 fxg4+ 43. Kxg4 d4 44. Kf4 d3 45. Ke3 Kh6 46. Rg2 Re8+ 47. Kd4 Re2 48. Rg1 Kxh5 49. Kxc4 g5 50. b4 Ra2 51. Kb3 Re2 52. a4 f5 53. Kc3 Re3 54. Rd1 d2+ 55. Kxd2 Rb3 56. Rf1 f4 57. Rh1+ Kg6 58. Rc1 Rxb4 59. Rc6+ Kf5 60. Rxa6 Kg4 61. a5 Kf3 62. Kc3 Ra4 63. Kb3 Ra1 64. Kb2 Re1 65. Ra8 g4 66. a6 Re6 67. a7 Ra6 68. Kb3 g3 69. Kb4 g2 70. Kb5 Rxa7 0-1

[Event "Manavgat Turkey Cup"]
[Site "Manavgat"]
[Date "2016.02.02"]
[Round "6"]
[White "Baltaci, Ismail Tarik"]
[Black "Peker, Serdar"]
[Result "1-0"]
[WhiteElo "1842"]
[BlackElo "1751"]
[PlyCount "93"]
[EventDate "2016.01.30"]
[EventType "swiss"]
[EventRounds "11"]
[EventCountry "TUR"]
[SourceTitle "CBM 170 Extra"]
[Source "ChessBase"]
[SourceDate "2016.02.25"]
[SourceVersion "1"]
[SourceVersionDate "2016.02.25"]
[SourceQuality "1"]

1. e4 c5 2. c3 d5 3. exd5 Nf6 4. d4 Qxd5 5. Nf3 e6 6. Na3 cxd4 7. Nb5 Na6 8. Qxd4 Bc5 9. Qxd5 Nxd5 10. Nbd4 0-0 11. Nb3 Be7 12. g3 Bd7 13. Bg2 Ba4 14. Nfd4 Rac8 15. 0-0 Rfd8 16. h4 Be8 17. Re1 Bf6 18. Nc2 b5 19. Ne3 Nac7 20. Ng4 Be7 21. Nd4 h5 22. Ne5 Na8 23. Rf1 b4 24. c4 Ndb6 25. Be3 Bf6 26. Ndf3 Bc6 27. Rab1 a5 28. Nxc6 Rxc6 29. b3 Bc3 30. Rfd1 Rcc8 31. Nd4 a4 32. Kh2 a3 33. Nc6 Rxd1 34. Rxd1 Re8 35. Na5 e5 36. c5 Na4 37. bxa4 Nc7 38. Nb3 e4 39. c6 f5 40. Bb6 Rc8 41. Bf1 Be5 42. Bxc7 Rxc7 43. Bb5 Kf7 44. Nc5 Ke7 45. Na6 b3 46. Nxc7 bxa2 47. Nd5+ 1-0

[Event "Manavgat Turkey Cup"]
[Site "Manavgat"]
[Date "2016.01.31"]
[Round "2"]
[White "Ozen, Batuhan"]
[Black "Peker, Serdar"]
[Result "1-0"]
[WhiteElo "1921"]
[BlackElo "1751"]
[PlyCount "127"]
[EventDate "2016.01.30"]
[EventType "swiss"]
[EventRounds "11"]
[EventCountry "TUR"]
[SourceTitle "CBM 170 Extra"]
[Source "ChessBase"]
[SourceDate "2016.02.25"]
[SourceVersion "1"]
[SourceVersionDate "2016.02.25"]
[SourceQuality "1"]

1. c4 e5 2. Nc3 Nf6 3. g3 Nc6 4. Bg2 Be7 5. d3 0-0 6. e4 Nd4 7. Nf3 Nxf3+ 8. Bxf3 c6 9. Be3 d6 10. d4 Be6 11. d5 cxd5 12. cxd5 Bd7 13. a4 Qa5 14. 0-0 Bh3 15. Re1 a6 16. Qb3 Nd7 17. Qa3 Qd8 18. a5 Rc8 19. Qb4 Rc7 20. Na4 Qb8 21. Be2 Rfc8 22. Bd3 Rf8 23. Rac1 Rxc1 24. Rxc1 Rc8 25. Rc4 Rxc4 26. Qxc4 Bd8 27. b4 Qc7 28. Qxc7 Bxc7 29. f3 h5 30. Kf2 Nf6 31. Nb6 Bxb6 32. Bxb6 Bd7 33. Bd8 Ne8 34. f4 f6 35. Be2 g6 36. fxe5 fxe5 37. g4 hxg4 38. Kg3 Kf7 39. Bxg4 Bxg4 40. Kxg4 Ng7 41. Bc7 Ne8 42. Bd8 Ng7 43. Kg5 Nh5 44. Kh6 Nf4 45. Bc7 Ke7 46. Kg7 g5 47. Kh6 Nh3 48. Kg6 Nf2 49. Kf5 Nd3 50. Kxg5 Nxb4 51. h4 Nd3 52. Bb6 Kf7 53. h5 Nb2 54. h6 Nc4 55. Bd8 Nd2 56. Kf5 Nf3 57. Bb6 Nh4+ 58. Kg4 Ng6 59. Bc7 Ke7 60. Kg5 Nf8 61. Bb6 Kf7 62. Kf5 Nd7 63. Bc7 Nc5 64. Bxd6 1-0

[Event "Manavgat Turkey Cup"]
[Site "Manavgat"]
[Date "2015.02.05"]
[Round "8"]
[White "Kantar, Cihat Celaleddin"]
[Black "Peker, Serdar"]
[Result "0-1"]
[WhiteElo "1356"]
[BlackElo "1766"]
[PlyCount "49"]
[EventDate "2015.01.31"]
[EventType "swiss"]
[EventRounds "11"]
[EventCountry "TUR"]
[SourceTitle "CBM 164 Extra"]
[Source "ChessBase"]
[SourceDate "2015.03.02"]
[SourceVersion "1"]
[SourceVersionDate "2015.03.02"]
[SourceQuality "1"]

1. e4 c5 2. Nf3 d6 3. d4 cxd4 4. Nxd4 Nf6 5. Nc3 a6 6. Bd3 Nc6 7. Nxc6 bxc6 8. 0-0 g6 9. f4 Bg7 10. Be3 Ng4 11. Qf3 Nxe3 12. Qxe3 Qa5 13. Qe1 Qb6+ 14. Qf2 Bd4 15. Na4 Bxf2+ 16. Rxf2 Qb4 17. b3 0-0 18. Raf1 e6 19. c3 Qa5 20. f5 e5 21. Bc2 Ra7 22. b4 Qd8 23. fxg6 hxg6 24. Bb3 d5 25. Nc5 0-1

[Event "Manavgat Turkey Cup"]
[Site "Manavgat"]
[Date "2015.02.04"]
[Round "7"]
[White "Peker, Serdar"]
[Black "Ozsakallioglu, Okan"]
[Result "0-1"]
[WhiteElo "1766"]
[BlackElo "1528"]
[PlyCount "113"]
[EventDate "2015.01.31"]
[EventType "swiss"]
[EventRounds "11"]
[EventCountry "TUR"]
[SourceTitle "CBM 164 Extra"]
[Source "ChessBase"]
[SourceDate "2015.03.02"]
[SourceVersion "1"]
[SourceVersionDate "2015.03.02"]
[SourceQuality "1"]

1. e4 c5 2. Nf3 e6 3. d4 cxd4 4. Nxd4 Nf6 5. Bd3 Nc6 6. Nb3 d5 7. exd5 Qxd5 8. 0-0 Qd6 9. Nc3 a6 10. Be3 b5 11. Qe2 Be7 12. Rad1 Qb8 13. Ne4 Nxe4 14. Bxe4 Bb7 15. Nc5 Bxc5 16. Bxc5 Ne7 17. Bd3 Bc6 18. Qg4 Qe5 19. b4 h5 20. Qg3 Qxg3 21. fxg3 h4 22. gxh4 Rxh4 23. Rf2 Nd5 24. g3 Rh6 25. Rdf1 f6 26. Re1 Kf7 27. Be4 f5 28. a4 Rc8 29. axb5 axb5 30. Bg2 Ra8 31. Bf1 Ra2 32. c4 Rxf2 33. Kxf2 bxc4 34. Kg1 c3 35. b5 Bb7 36. Ra1 Rh8 37. Ra7 Rb8 38. Bd3 Kg6 39. Kf2 Rc8 40. Ba3 Ra8 41. Rxa8 Bxa8 42. Ke2 Kg5 43. h3 e5 44. Kf2 e4 45. Bc1+ Kf6 46. Bc4 Nb6 47. Be2 Ke5 48. Bf4+ Kd5 49. g4 fxg4 50. Bxg4 Kc4 51. Ke1 Nd5 52. Be5 Nb4 53. Bxg7 Kb3 54. Be6+ Bd5 55. Bxd5+ Nxd5 56. Ke2 c2 57. Bh6 0-1

[Event "Kemer Turkey Cup"]
[Site "Kemer"]
[Date "2014.02.07"]
[Round "8"]
[White "Peker, Serdar"]
[Black "Tuncer, Tuna"]
[Result "1-0"]
[WhiteElo "1741"]
[BlackElo "1996"]
[PlyCount "83"]
[EventDate "2014.02.01"]
[EventType "swiss"]
[EventRounds "9"]
[EventCountry "TUR"]
[SourceTitle "CBM 158 Extra"]
[Source "ChessBase"]
[SourceDate "2014.02.28"]
[SourceVersion "1"]
[SourceVersionDate "2014.02.28"]
[SourceQuality "1"]

1. e4 c5 2. Nf3 d6 3. c3 Nf6 4. Be2 g6 5. 0-0 Bg7 6. Re1 0-0 7. Bf1 Nc6 8. h3 Bd7 9. d4 cxd4 10. cxd4 d5 11. e5 Ne4 12. Qb3 Bc8 13. Nc3 Nxc3 14. Qxc3 Qb6 15. b3 Bf5 16. Ba3 Rfc8 17. Bc5 Qd8 18. Qd2 b6 19. Ba3 Qd7 20. Ba6 Rc7 21. Rac1 Be4 22. Rc3 Na5 23. Rxc7 Qxc7 24. Rc1 Qd7 25. Ne1 f6 26. e6 Qe8 27. g4 g5 28. f3 Bg6 29. Rc7 Bf8 30. Bb4 Qd8 31. Qc3 h5 32. Bxa5 bxa5 33. Qc6 Be8 34. Qc5 hxg4 35. hxg4 Rb8 36. Bb7 Bg6 37. Ng2 f5 38. Ne3 fxg4 39. Nxd5 gxf3 40. Rd7 f2+ 41. Kxf2 Qe8 42. Nc7 1-0

[Event "Kemer Turkey Cup"]
[Site "Kemer"]
[Date "2014.02.02"]
[Round "3"]
[White "Bacak, Muhammed Kaan"]
[Black "Peker, Serdar"]
[Result "1-0"]
[WhiteElo "1988"]
[BlackElo "1741"]
[PlyCount "95"]
[EventDate "2014.02.01"]
[EventType "swiss"]
[EventRounds "9"]
[EventCountry "TUR"]
[SourceTitle "CBM 158 Extra"]
[Source "ChessBase"]
[SourceDate "2014.02.28"]
[SourceVersion "1"]
[SourceVersionDate "2014.02.28"]
[SourceQuality "1"]

1. Nf3 d5 2. d4 Nf6 3. c4 e6 4. Nc3 c5 5. cxd5 exd5 6. g3 Nc6 7. Bg2 Be7 8. 0-0 0-0 9. Bf4 a6 10. Rc1 Re8 11. dxc5 Bxc5 12. Bg5 d4 13. Bxf6 gxf6 14. Na4 Bf8 15. Nc5 Qb6 16. Nb3 Rd8 17. Nfd2 Bg4 18. h3 Be6 19. Ne4 Bg7 20. Nec5 Bd5 21. Nd3 Bxg2 22. Kxg2 Re8 23. Qd2 Re7 24. Rfe1 Rae8 25. Rc4 Qd8 26. Kh2 Qd5 27. Rc5 Qe4 28. Rc2 h5 29. Nbc5 Qh7 30. Nxb7 Ne5 31. Nxe5 fxe5 32. Nd6 Rd8 33. Nc4 e4 34. Rcc1 Qf5 35. Qf4 Qg6 36. Qd2 Rd5 37. Qb4 Qf6 38. Kg2 Bh6 39. Rcd1 h4 40. g4 d3 41. Qc3 Qf4 42. Ne3 Rde5 43. Nf5 Rxf5 44. Qc8+ Kg7 45. Qxf5 Qd6 46. exd3 e3 47. g5 Qc6+ 48. Qf3 1-0

[Event "Kemer Turkey Cup"]
[Site "Kemer"]
[Date "2014.02.02"]
[Round "2"]
[White "Peker, Serdar"]
[Black "Oney, Riza"]
[Result "1-0"]
[WhiteElo "1741"]
[BlackElo "1886"]
[PlyCount "98"]
[EventDate "2014.02.01"]
[EventType "swiss"]
[EventRounds "9"]
[EventCountry "TUR"]
[SourceTitle "CBM 158 Extra"]
[Source "ChessBase"]
[SourceDate "2014.02.28"]
[SourceVersion "1"]
[SourceVersionDate "2014.02.28"]
[SourceQuality "1"]

1. e4 c5 2. Nf3 Nc6 3. d4 cxd4 4. Nxd4 Nf6 5. Nc3 e5 6. Ndb5 d6 7. Bg5 a6 8. Na3 Be7 9. Nc4 Be6 10. Bxf6 gxf6 11. Ne3 0-0 12. Be2 Kh8 13. Ncd5 Rg8 14. 0-0 Bf8 15. Bg4 f5 16. Bxf5 Qg5 17. c3 Bxf5 18. exf5 Bh6 19. g3 Rae8 20. a4 Qh4 21. Kh1 Qh3 22. Qf3 Bg5 23. Qe4 Bd8 24. b4 Rg5 25. b5 Na5 26. bxa6 bxa6 27. Rab1 Reg8 28. Rg1 Qh6 29. Rb8 Rh5 30. Rg2 Qg7 31. f3 Rh3 32. Ng4 Qg5 33. Nde3 Rh5 34. Qa8 Qe7 35. Nd5 Qg5 36. Ndf6 Nc6 37. Qxc6 Bxf6 38. Rxg8+ Kxg8 39. Qxd6 Be7 40. Qb8+ Bf8 41. Qxe5 Bg7 42. Qe8+ Bf8 43. Qc8 Rh3 44. Nf2 Rh6 45. f4 Qe7 46. h3 Rd6 47. Kh2 Qe1 48. Qb7 Qxc3 49. Ne4 Qc6 1-0

[Event "TUR-ch"]
[Site "Antalya"]
[Date "2013.02.05"]
[Round "6"]
[White "Oney, Riza"]
[Black "Peker, Serdar"]
[Result "1-0"]
[WhiteElo "1879"]
[BlackElo "1745"]
[PlyCount "151"]
[EventDate "2013.02.02"]
[EventType "swiss"]
[EventRounds "11"]
[EventCountry "TUR"]
[SourceTitle "CBM 152 Extra"]
[Source "ChessBase"]
[SourceDate "2013.02.25"]
[SourceVersion "1"]
[SourceVersionDate "2013.02.25"]
[SourceQuality "1"]

1. c4 e6 2. g3 c5 3. Bg2 Nc6 4. Nc3 Nf6 5. e4 Be7 6. Nge2 0-0 7. 0-0 d6 8. d4 cxd4 9. Nxd4 a6 10. Nc2 Rb8 11. Qe2 Qc7 12. Ne3 b6 13. Rd1 Bb7 14. b3 Rfe8 15. Bb2 Ne5 16. Rac1 Rbc8 17. f4 Ned7 18. h3 Nc5 19. Ng4 Kh8 20. Kh2 Ncd7 21. Nf2 Nf8 22. Na4 Bc6 23. e5 dxe5 24. Bxe5 Qb7 25. Bxc6 Qxc6 26. Bb2 Ng6 27. Nc3 Kg8 28. Nce4 Nxe4 29. Nxe4 Red8 30. Qe3 h5 31. h4 Bf8 32. Ng5 Be7 33. Ne4 Bf8 34. Qe2 Ne7 35. Ng5 Qc5 36. Qxh5 Qf5 37. Qe2 Nc6 38. a3 Be7 39. Nf3 Bf6 40. Bxf6 Qxf6 41. Qc2 Qh6 42. Kg2 Qh5 43. b4 Ne7 44. Rxd8+ Rxd8 45. Rd1 Rc8 46. Qe4 Nf5 47. Rd3 Qg6 48. Ng5 Qf6 49. Kh3 Qh6 50. Qb7 Rf8 51. Qxb6 Qh5 52. Qf2 Nh6 53. Qf3 Qg6 54. Qe4 Qxe4 55. Nxe4 Nf5 56. g4 Ne7 57. Ng5 Rc8 58. Rd7 Kf8 59. c5 Ke8 60. Ra7 Rc6 61. Ne4 Nd5 62. Nd6+ Kf8 63. Rxf7+ Kg8 64. Ra7 Nxf4+ 65. Kg3 Ne2+ 66. Kf2 Nc3 67. Ra8+ Kh7 68. h5 g5 69. Ra7+ Kh8 70. Nf7+ Kg8 71. Nxg5 e5 72. Re7 Nb5 73. a4 Nc3 74. Rxe5 Nxa4 75. Re6 Rc7 76. Rxa6 1-0

[Event "TUR-ch"]
[Site "Kemer"]
[Date "2012.01.29"]
[Round "1"]
[White "Yilmaz, Turhan"]
[Black "Peker, Serdar"]
[Result "1-0"]
[WhiteElo "2254"]
[BlackElo "1706"]
[PlyCount "81"]
[EventDate "2012.01.29"]
[EventType "swiss"]
[EventRounds "10"]
[EventCountry "TUR"]
[SourceTitle "CBM 146 Extra"]
[Source "ChessBase"]
[SourceDate "2012.02.29"]
[SourceVersion "1"]
[SourceVersionDate "2012.02.29"]
[SourceQuality "1"]

1. e4 d5 2. exd5 Nf6 3. Nf3 Nxd5 4. d4 g6 5. c4 Nb6 6. h3 Bg7 7. Nc3 Nc6 8. Be3 0-0 9. Qd2 Re8 10. d5 Ne5 11. Nxe5 Bxe5 12. Bd4 Bxd4 13. Qxd4 e5 14. Qd2 Qh4 15. b3 Bd7 16. 0-0-0 a5 17. a4 Nc8 18. Kb2 Nd6 19. g3 Qf6 20. c5 Nf5 21. Ne4 Qg7 22. g4 Nd4 23. g5 Red8 24. f4 Bf5 25. Nf6+ Kh8 26. fxe5 Ne6 27. Qc1 Nf8 28. Bb5 c6 29. dxc6 bxc6 30. Bxc6 Rab8 31. Rxd8 Rxd8 32. Bb7 Ne6 33. c6 Nc7 34. Rd1 Qf8 35. Qc5 Ne6 36. Qxf8+ Rxf8 37. h4 Kg7 38. Rd5 Nf4 39. Rxa5 Rd8 40. Ra8 Rxa8 41. Bxa8 1-0